<?xml version="1.0" encoding="UTF-8"?>
<record
    xmlns:xsi="http://www.w3.org/2001/XMLSchema-instance"
    xsi:schemaLocation="http://www.loc.gov/MARC21/slim http://www.loc.gov/standards/marcxml/schema/MARC21slim.xsd"
    xmlns="http://www.loc.gov/MARC21/slim">

  <leader>02257nam a2200313 a 4500</leader>
  <controlfield tag="003">OSt</controlfield>
  <controlfield tag="005">20250926143932.0</controlfield>
  <controlfield tag="007">cr ||||||a|a|a</controlfield>
  <controlfield tag="008">250829s2025    mx a|||fom||| 001 0 spa d</controlfield>
  <datafield tag="040" ind1=" " ind2=" ">
    <subfield code="e">rda</subfield>
  </datafield>
  <datafield tag="100" ind1="1" ind2=" ">
    <subfield code="a">Mej&#xED;a Lagos, Manuel</subfield>
    <subfield code="9">191005</subfield>
  </datafield>
  <datafield tag="245" ind1="1" ind2="0">
    <subfield code="a">An&#xE1;lisis de las tasas de homicidios en M&#xE9;xico (1990-2023) usando modelos de Markov ocultos /</subfield>
    <subfield code="c">por Manuel Mej&#xED;a Lagos; director de tesis Gabriel &#xC1;rcangel Rodr&#xED;guez Yam; secretario Gabriel Nu&#xF1;ez Antoniol; vocal Juan Mej&#xED;a Romero; suplente Nereyda Jaqueline L&#xF3;pez Bartolom&#xE9;; suplente Alejandro Corona Ambr&#xED;z.</subfield>
  </datafield>
  <datafield tag="264" ind1=" " ind2="1">
    <subfield code="a">Chapingo, M&#xE9;xico :</subfield>
    <subfield code="b">El autor,</subfield>
    <subfield code="c">2025.</subfield>
  </datafield>
  <datafield tag="300" ind1=" " ind2=" ">
    <subfield code="a">1 recurso en l&#xED;nea (55 p&#xE1;ginas):</subfield>
    <subfield code="b">cuadros, figuras.</subfield>
  </datafield>
  <datafield tag="336" ind1=" " ind2=" ">
    <subfield code="2">rdacontent</subfield>
    <subfield code="a">texto</subfield>
    <subfield code="b">txt</subfield>
  </datafield>
  <datafield tag="337" ind1=" " ind2=" ">
    <subfield code="2">rdamedia</subfield>
    <subfield code="a">computadora</subfield>
    <subfield code="b">c</subfield>
  </datafield>
  <datafield tag="338" ind1=" " ind2=" ">
    <subfield code="2">rdacarrier</subfield>
    <subfield code="a">recurso en l&#xED;nea</subfield>
    <subfield code="b">cr</subfield>
  </datafield>
  <datafield tag="502" ind1=" " ind2=" ">
    <subfield code="b">LEs</subfield>
    <subfield code="c">DICIFO</subfield>
    <subfield code="g">LIC</subfield>
    <subfield code="d">2025.</subfield>
  </datafield>
  <datafield tag="504" ind1=" " ind2=" ">
    <subfield code="a">Incluye referencias bibliogr&#xE1;ficas: p&#xE1;ginas 21.</subfield>
  </datafield>
  <datafield tag="520" ind1=" " ind2=" ">
    <subfield code="a">En el presente trabajo se implement&#xF3; un Modelo de Markov Oculto Poisson (MMO-Poisson) a las tasas de homicidios por cada 100,000 habitantes en M&#xE9;xico durante el periodo de 1990 a 2023, con el objetivo de clasificar, interpretar y predecir las tasas anuales de homicidios en el pa&#xED;s. Se ajustaron modelos MMO-Poisson con diferentes n&#xFA;meros de estados, determin&#xE1;ndose que el modelo con el mejor ajuste, seg&#xFA;n el Bayes Information Criterion (BIC), fue el de dos estados. Las tasas de homicidios fueron clasificadas en dos grupos utilizando el algoritmo de Viterbi. Adem&#xE1;s, se obtuvieron las distribuciones condicionales de las tasas de homicidios, condicionadas a las tasas de homicidios observadas, y se pronosticaron las tasas de homicidios del per&#xED;odo 2024 a 2030.</subfield>
  </datafield>
  <datafield tag="650" ind1=" " ind2="4">
    <subfield code="a">Homicidio</subfield>
    <subfield code="x">Modelos probabil&#xED;sticos</subfield>
    <subfield code="9">191283</subfield>
  </datafield>
  <datafield tag="700" ind1="1" ind2=" ">
    <subfield code="a">Rodr&#xED;guez Yam, Gabriel Arcangel</subfield>
    <subfield code="9">189086</subfield>
    <subfield code="e">director.</subfield>
  </datafield>
  <datafield tag="700" ind1="1" ind2=" ">
    <subfield code="a">Nu&#xF1;ez Antonio, Gabriel</subfield>
    <subfield code="9">191150</subfield>
    <subfield code="e">secretario.</subfield>
  </datafield>
  <datafield tag="700" ind1="1" ind2=" ">
    <subfield code="a">Mej&#xED;a Romero, Juan</subfield>
    <subfield code="9">74282</subfield>
    <subfield code="e">vocal.</subfield>
  </datafield>
  <datafield tag="700" ind1="1" ind2=" ">
    <subfield code="a">L&#xF3;pez Bartolom&#xE9;, Nereyda Jacqueline</subfield>
    <subfield code="9">136774</subfield>
    <subfield code="e">suplente.</subfield>
  </datafield>
  <datafield tag="700" ind1="1" ind2=" ">
    <subfield code="a">Corona Ambr&#xED;z, Alejandro</subfield>
    <subfield code="9">28098</subfield>
    <subfield code="e">suplente.</subfield>
  </datafield>
  <datafield tag="856" ind1=" " ind2=" ">
    <subfield code="z">DESCARGAR PDF</subfield>
    <subfield code="u">http://10.13.5.2/tesis/tl/1511602-8_MEJIA_LAGOS_MANUEL.pdf</subfield>
  </datafield>
  <datafield tag="942" ind1=" " ind2=" ">
    <subfield code="2">Clasificaci&#xF3;n Universidad Aut&#xF3;noma Chapingo</subfield>
    <subfield code="c">TD</subfield>
  </datafield>
  <datafield tag="999" ind1=" " ind2=" ">
    <subfield code="c">220877</subfield>
    <subfield code="d">220877</subfield>
  </datafield>
  <datafield tag="952" ind1=" " ind2=" ">
    <subfield code="0">0</subfield>
    <subfield code="1">0</subfield>
    <subfield code="2">local</subfield>
    <subfield code="4">0</subfield>
    <subfield code="5">1</subfield>
    <subfield code="7">0</subfield>
    <subfield code="8">TesDigL</subfield>
    <subfield code="a">BD</subfield>
    <subfield code="b">BD</subfield>
    <subfield code="c">E_L</subfield>
    <subfield code="d">2025-08-29</subfield>
    <subfield code="l">0</subfield>
    <subfield code="o">Tesis digital</subfield>
    <subfield code="r">2025-08-29 14:36:05</subfield>
    <subfield code="w">2025-08-29</subfield>
    <subfield code="y">TD</subfield>
  </datafield>
</record>
